Social realism in the fiction of Dickens and Mulk Raj Anand / (Record no. 27620)
[ view plain ]
| 000 -LEADER | |
|---|---|
| fixed length control field | 01013cam a22002775i 4500 |
| 003 - CONTROL NUMBER IDENTIFIER | |
| control field | EG-ScBUE |
| 005 - DATE AND TIME OF LATEST TRANSACTION | |
| control field | 20190915122142.0 |
| 008 - FIXED-LENGTH DATA ELEMENTS--GENERAL INFORMATION | |
| fixed length control field | 190915s2017 ii f b 001 0deng d |
| 020 ## - INTERNATIONAL STANDARD BOOK NUMBER | |
| International Standard Book Number | 8171694217 |
| 040 ## - CATALOGING SOURCE | |
| Original cataloging agency | EG-ScBUE |
| Language of cataloging | eng |
| Description conventions | rda |
| Transcribing agency | EG-ScBUE |
| Modifying agency | EG-ScBUE |
| 082 04 - DEWEY DECIMAL CLASSIFICATION NUMBER | |
| Classification number | 823.8 |
| Item number | SIN |
| Edition number | 22 |
| 100 1# - MAIN ENTRY--PERSONAL NAME | |
| Personal name | Singh, Vaidyanath, |
| Dates associated with a name | 1963- |
| Relator term | author. |
| 245 10 - TITLE STATEMENT | |
| Title | Social realism in the fiction of Dickens and Mulk Raj Anand / |
| Statement of responsibility, etc | Vaidyanath Singh. |
| 264 #1 - PUBLICATION, DISTRIBUTION, ETC. (IMPRINT) | |
| Place of publication, distribution, etc | New Delhi : |
| Name of publisher, distributor, etc | Commonwealth Publishers, |
| Date of publication, distribution, etc | 2017. |
| 300 ## - PHYSICAL DESCRIPTION | |
| Extent | xi, 300 pages ; |
| Dimensions | 22 cm. |
| 336 ## - CONTENT TYPE | |
| Content type term | text |
| Content type code | txt |
| Source | rdacontent |
| 337 ## - MEDIA TYPE | |
| Media type term | unmediated |
| Media type code | n |
| Source | rdamedia |
| 338 ## - CARRIER TYPE | |
| Carrier type term | volume |
| Carrier type code | nc |
| Source | rdacarrier |
| 504 ## - BIBLIOGRAPHY, ETC. NOTE | |
| Bibliography, etc | Includes bibliographical references and index. |
| 600 17 - SUBJECT ADDED ENTRY--PERSONAL NAME | |
| Personal name | Dickens, Charles, |
| Dates associated with a name | 1812-1870 |
| General subdivision | Criticism and interpretation. |
| Source of heading or term | BUEsh |
| 600 17 - SUBJECT ADDED ENTRY--PERSONAL NAME | |
| Personal name | Anand, Mulk Raj, |
| Dates associated with a name | 1905-2004 |
| General subdivision | Criticism and interpretation. |
| Source of heading or term | BUEsh |
| 650 #7 - SUBJECT ADDED ENTRY--TOPICAL TERM | |
| Topical term or geographic name as entry element | Social realism in literature. |
| Source of heading or term | BUEsh |
| 653 ## - INDEX TERM--UNCONTROLLED | |
| Resource For college | Humanities: English |
| Arrived date list | September2019 |
| 655 ## - INDEX TERM--GENRE/FORM | |
| Form subdivision | Reading book |
| 942 ## - ADDED ENTRY ELEMENTS (KOHA) | |
| Source of classification or shelving scheme | Dewey Decimal Classification |
| Koha item type | Book - Borrowing |
| Withdrawn status | Lost status | Source of classification or shelving scheme | Damaged status | Not for loan | Collection code | Home library | Current library | Shelving location | Date acquired | Source of acquisition | Cost, normal purchase price | Full call number | Barcode | Date last seen | Cost, replacement price | Price effective from | Koha item type |
|---|---|---|---|---|---|---|---|---|---|---|---|---|---|---|---|---|---|
| Dewey Decimal Classification | Baccah | Central Library | Central Library | Second Floor | 15/09/2019 | Purchase | 810.00 | 823.8 SIN | 000048062 | 15/07/2025 | 1012.50 | 15/09/2019 | Book - Borrowing |